Najdroższy piłkarz z danego klubu - Statystyki

Ogólne statystyki
  • Ten quiz został rozwiązany 1 260 razy
  • Średni wynik to 8 z 15
Statystyki odpowiedzi
Klub/Wartość najdroższego pilkarza Najdroższy piłkarz % Poprawnych
Paris Saint Germain/ 200mln € Mbappe
88%
Liverpool Fc/ 150mln € Salah/ Mane
84%
Tottenham Hotspur/ 150mln € Kane
82%
Atletico Madryt/ 100mln € Felix/ Oblak
70%
Real Madryt/ 120mln € Hazard
65%
RB Leipzig/ 75mln € Werner
64%
Juventus Fc/ 85mln € Dybala
59%
Arsenal Fc/ 70mln € Aubameyang/ Lacazette
55%
Chelsea Fc/ 100mln € Kante
49%
AC Milan/ 55mln € Donnarumma
47%
SSC Napoli/ 75mln € Koulibaly
44%
Olimpique Lyon/ 55mln € Depay
39%
As Monako Fc/ 40mln € Ben Yedder
29%
Legia Warszawa/ 5mln € Majecki
28%
AFC Ajax/ 55mln € Van de beek
22%
Nie znaleziono quizów pasujących do podanych kryteriów
Rozkład punktacji
Procent ludzi z każdym wynikiem
Percentyl według liczby udzielonych odpowiedzi
Twoja historia wyników
Nie rozwiązałeś tego quizu